01140 2200289 4500001002100000005001500021035002000036007000300056008004100059020001800100082001100118084001500129245014800144250002000292300003800312500024400350650002100594700002400615700003000639740004500669264003000714336002100744337003000765338002300795990001600818990001600834INLIS00000000000006720260416080954 a0010-0426000066ta260416 g 0 ind  a9789792935356 a005.43 a005.43 UBU aUbuntu 12 untuk small office home office /ceditor, Westriningsih ; setting, Sri Sulistiyani ; desain cover, dan_dut ; korektor, Susy Oktaviani acetakan pertama a212 halaman :bilustrasi ;c23 cm aBuku ini membahas penggunaan sistem operasi Ubuntu 12.10 untuk aktivitas perkantoran kecil dan rumah. Dengan berbagai aplikasi yang telah ada dalam sistem operasi Ubuntu 12.10 diharapkan dapat membantu menyelesaikan tugas perkantoran Anda. 4aProgram Komputer0 adan_duteIlustrator0 aWestriningsihePenyunting aUbuntu 12 untuk small office home office aYogyakarta :bANDI,c2013 2rdacontentateks 2rdamediaatanpa perantara 2rdacarrieravolume aPP000117/19 aPP000313/19